Yorkshire A-Z - Statistics

General Stats
  • This quiz has been taken 159 times
    28 since last reset
  • The average score is 16 of 26
Answer Stats
Hint Answer % Correct
B Authors Anne, Charlotte, and Emily Brontë sisters
100%
L Largest city Leeds
100%
P Classic part of a Sunday roast Yorkshire {pudding}
96%
S Large seaside town Scarborough
92%
W Place home to a cheese favoured by Wallace Wensleydale
92%
Y Chocolate bar originally made by Rowntree's Yorkie
88%
T "Let's have a proper brew" Yorkshire {Tea}
88%
R Term for the county's three subdivisions Ridings
83%
H 1982 Eurovision host Harrogate
79%
J Viking name for York Jorvik
79%
A Indie-rock band formed in Sheffield Arctic Monkeys
75%
G Popular nickname for the county {God's} {Own} {Country}
71%
I Spa town near Bradford Ilkley
71%
O River that flows through York Ouse
67%
D Literary character who visited Whitby Dracula
63%
K Spa town near H; home to Mother Shipton's Cave Knaresborough
58%
N National park {North} {York} {Moors}
58%
X Leisure complex / shopping centre in Castleford Xscape Yorkshire
50%
F Ruined monastery; UNESCO World Heritage Site Fountains Abbey
42%
M 1644 battle; turning point in the Civil Wars Battle of {Marston} {Moor}
29%
E Roman name for York Eboracum
29%
V Flat plain surrounding York Vale of York
29%
C Roman proclaimed emperor in York in 306 AD Constantine the Great
25%
U River that flows through W Ure
25%
Q Village near Bradford; home to Black Dyke Mills Queensbury
21%
Z Shared name of Victorian railway hotels in Middlesbrough and Saltburn Zetland Hotel
13%
No matching quizzes found
Score Distribution
Percent of People with Each Score
Percentile by Number Answered
Your Score History
You have not taken this quiz since the last reset